Responsabilidad civil por vicios en la construcción

Gespeichert in:
Bibliographische Detailangaben
1. Verfasser: Quintana Otárola, Carmen Gloria (VerfasserIn)
Format: Buch
Sprache:Spanisch
Veröffentlicht: Santiago Librotecnia 2007
Schlagworte:
Tags: Tag hinzufügen
Keine Tags, Fügen Sie den ersten Tag hinzu!

MARC

LEADER 00000nam a2200000 a 4500
001 UCI1815
003 CL-VaPUC
008 070720e20070000CL |||||||||||||||||spa|d
020 |a 9789567950478 
082 0 4 |a 346.043  |b QUI  |2 21 
100 0 |a Quintana Otárola, Carmen Gloria  |e author  |9 522554 
245 1 0 |a Responsabilidad civil por vicios en la construcción 
300 |a 140 p 
942 |c BK 
945 |d 20070720 00:00:00  |a rbrito 
260 |a Santiago  |b Librotecnia  |c 2007 
650 0 |a Construcción  |9 260195 
650 7 |a RESPONSABILIDAD CIVIL  |2 CL-VaPUC  |9 522555 
650 0 |a Bienes raíces  |9 307158 
650 0 |a Responsabilidad penal  |9 254899 
650 7 |a REPARACION DEL MAL CAUSADO  |2 CL-VaPUC  |9 381254 
650 0 |a Código civil  |9 256135 
650 0 |a Ley General de Urbanismo y Construcción   |9 522556 
583 |a last modification  |c 20070720 00:00:00  |k Rodrigo Vera 
999 |c 326549  |d 326547 
952 |0 0  |1 0  |4 0  |6 346_043000000000000_QUI_2007  |7 0  |8 A  |9 408481  |a BIBDER  |b BIBDER  |d 2019-11-22  |i 4355466  |o 346.043 QUI 2007  |p 4355466  |r 2023-01-25  |w 2019-11-22  |y BK  |k DER